000 00250nam a2200121Ia 4500
100 _aTrewman/H.F
942 _cBK
654 _aMechanical
245 _aMechnical Inspection
260 _bPitman &sons
_c2001
082 _a620.004
546 _aENGLISH
999 _c31377
_d31377